Las Escuelas Pías de Mataró, la Iglesia de Santa Ana y el Hno. José Guardia de S. Juan Bautista : (Record no. 121929)

MARC details
000 -LEADER
campo de control de longitud fija 00740nam a2200193 i 4500
001 - NÚMERO DE CONTROL
campo de control 121929
003 - IDENTIFICADOR DE NÚMERO DE CONTROL
campo de control ES-MaACL
005 - FECHA Y HORA DE LA ÚLTIMA TRANSACCIÓN
campo de control 20230906191853.0
007 - CAMPO FIJO DE DESCRIPCIÓN FÍSICA--INFORMACIÓN GENERAL
campo de control de longitud fija t|
008 - DATOS DE LONGITUD FIJA--INFORMACIÓN GENERAL
campo de control de longitud fija 070214s1963 sp f |||| | spa d
100 1# - ENTRADA PRINCIPAL--NOMBRE DE PERSONA
Nombre de persona Poch, José.
9 (RLIN) 92695
245 14 - MENCIÓN DEL TÍTULO
Título Las Escuelas Pías de Mataró, la Iglesia de Santa Ana y el Hno. José Guardia de S. Juan Bautista :
Resto del título apuntes históricos y documentos /
Mención de responsabilidad, etc. José Poch.
260 ## - PUBLICACIÓN, DISTRIBUCIÓN, ETC.
Lugar de publicación, distribución, etc. Mataró :
Nombre del editor, distribuidor, etc. Caja de Ahorros y Monte de Piedad,
Fecha de publicación, distribución, etc. 1963.
300 ## - DESCRIPCIÓN FÍSICA
Extensión 122 p., XII lám. ;
Dimensiones 22 cm.
586 ## - NOTA DE PREMIOS
Nota de premios Premi Iluro, 1962.
610 24 - PUNTO DE ACCESO ADICIONAL DE MATERIA--NOMBRE DE ENTIDAD CORPORATIVA
Nombre de entidad corporativa o nombre de jurisdicción como elemento de entrada Colegio de las Escuelas Pías de Santa Ana (Mataró)-
Subdivisión de forma Historia.
9 (RLIN) 162996
710 2# - ENTRADA AGREGADA--NOMBRE DE ENTIDAD CORPORATIVA
Nombre de entidad corporativa o nombre de jurisdicción como elemento de entrada Caja de Ahorros y Monte de Piedad de Mataró.
9 (RLIN) 2321
852 ## - LOCALIZACIÓN
Ubicación ES-MaACL
Número de control de estantería C-25002
Holdings
Estatus retirado Estado de pérdida Estado de daño No para préstamo Biblioteca de origen Biblioteca actual Ubicación en estantería Fecha de adquisición Fuente de adquisición Total de préstamos Signatura topográfica completa Código de barras Visto por última vez Precio de reemplazo Tipo de ítem Koha
        Biblioteca del Ateneo de Madrid Biblioteca del Ateneo de Madrid Depósito 2 17/01/2008     C-25002 1127065 23/02/2023 23/02/2023 Libro impreso